000 00464nam a22001817a 4500
005 20230116100711.0
008 190326b xxu||||| |||| 00| 0 eng d
020 _a978-93-88706-06-3
041 _aeng
082 _a515.19
_bBOT-T
100 _aBOTHARA ,Dr. K.G
_94903
245 _aA TEXT BOOK OF MEDICINAL CHEMISTRY - I
250 _a1 st , 2019
260 _aPUNE
_bNIRALI PRAKASHAN
300 _aS.20 p,
650 _aPHARMACY
_xB.PHARMA
_97083
942 _cBK
999 _c5791
_d5789